| 000 | 00738nam a2200229Ia 4500 | ||
|---|---|---|---|
| 008 | 191130s2009##################000#0#eng## | ||
| 020 | _a9780691140261 | ||
| 022 | _a2008045333 | ||
| 040 |
_aACL _cACL |
||
| 082 | _a276.201 BAG | ||
| 100 | _aBagnall, Roger S | ||
| 245 |
_aEarly Christian books in Egypt _cRoger S. Bagnall |
||
| 260 |
_aPrinceton, NJ _bPrinceton University Press _cc2009 |
||
| 300 | _axv, 109 p. : ill. ; 23 cm | ||
| 500 | _aIncludes bibliographical references (p. [99]-104) and index | ||
| 650 | _aChristian literature, Early - Egypt - Manuscripts | ||
| 650 | _aEgypt - Church history | ||
| 650 | _aManuscripts (Papyri) | ||
| 990 | _ac1f5d4c7ac10000c193044626a4290fd | ||
| 991 | _a114153 | ||
| 999 |
_c154823 _d154823 |
||